<?xml version="1.0" encoding="UTF-8"?>
<record
    xmlns:xsi="http://www.w3.org/2001/XMLSchema-instance"
    xsi:schemaLocation="http://www.loc.gov/MARC21/slim http://www.loc.gov/standards/marcxml/schema/MARC21slim.xsd"
    xmlns="http://www.loc.gov/MARC21/slim">

  <leader>00829nam a2200253 a 4500</leader>
  <controlfield tag="005">20140310183551.0</controlfield>
  <controlfield tag="008">111017s19uu    xx            00    eng d</controlfield>
  <datafield tag="020" ind1=" " ind2=" ">
    <subfield code="a">9781582556680</subfield>
  </datafield>
  <datafield tag="050" ind1=" " ind2=" ">
    <subfield code="a">RT 48</subfield>
    <subfield code="b">.N866 2008</subfield>
  </datafield>
  <datafield tag="245" ind1=" " ind2=" ">
    <subfield code="a">Nursing. : </subfield>
    <subfield code="b">Interpreting signs &amp; symptoms. /</subfield>
  </datafield>
  <datafield tag="260" ind1=" " ind2=" ">
    <subfield code="a">Philadelphia :</subfield>
    <subfield code="b">Wolters Kluwer/Lippincott Williams &amp; Wilkins,</subfield>
    <subfield code="c">2008.</subfield>
  </datafield>
  <datafield tag="300" ind1=" " ind2=" ">
    <subfield code="a">665 p. :</subfield>
    <subfield code="b">ill. col. ;</subfield>
    <subfield code="c">22 cm.</subfield>
  </datafield>
  <datafield tag="440" ind1=" " ind2=" ">
    <subfield code="a">Nursing series</subfield>
  </datafield>
  <datafield tag="500" ind1=" " ind2=" ">
    <subfield code="a">Includes bibliographical references and index.</subfield>
  </datafield>
  <datafield tag="521" ind1=" " ind2=" ">
    <subfield code="a">NUR</subfield>
  </datafield>
  <datafield tag="650" ind1=" " ind2=" ">
    <subfield code="a">Nursing diagnosis</subfield>
    <subfield code="x">Handbooks, manuals, etc.</subfield>
  </datafield>
  <datafield tag="650" ind1=" " ind2=" ">
    <subfield code="a">Nursing assessment</subfield>
    <subfield code="x">Handbooks, manuals, etc.</subfield>
  </datafield>
  <datafield tag="650" ind1=" " ind2=" ">
    <subfield code="a">Symptoms</subfield>
    <subfield code="x">Handbooks, manuals, etc.</subfield>
  </datafield>
  <datafield tag="650" ind1=" " ind2=" ">
    <subfield code="a">Diagnosis</subfield>
    <subfield code="x">Handbooks, manuals, etc.</subfield>
  </datafield>
  <datafield tag="942" ind1=" " ind2=" ">
    <subfield code="c">BK</subfield>
    <subfield code="2">lcc</subfield>
    <subfield code="k">FOR</subfield>
  </datafield>
  <datafield tag="999" ind1=" " ind2=" ">
    <subfield code="c">24948</subfield>
    <subfield code="d">24948</subfield>
  </datafield>
  <datafield tag="952" ind1=" " ind2=" ">
    <subfield code="0">0</subfield>
    <subfield code="1">0</subfield>
    <subfield code="2">lcc</subfield>
    <subfield code="4">0</subfield>
    <subfield code="a">A</subfield>
    <subfield code="b">A</subfield>
    <subfield code="c">NULL</subfield>
    <subfield code="d">2011-10-17</subfield>
    <subfield code="e">DONATION</subfield>
    <subfield code="l">0</subfield>
    <subfield code="o">RT 48 .N866 2008</subfield>
    <subfield code="p">C13768</subfield>
    <subfield code="r">2018-05-15 00:00:00</subfield>
    <subfield code="t">1</subfield>
    <subfield code="w">2013-10-18</subfield>
    <subfield code="y">BK</subfield>
  </datafield>
  <datafield tag="952" ind1=" " ind2=" ">
    <subfield code="0">0</subfield>
    <subfield code="1">0</subfield>
    <subfield code="2">lcc</subfield>
    <subfield code="4">0</subfield>
    <subfield code="a">CL</subfield>
    <subfield code="b">CL</subfield>
    <subfield code="c">GC</subfield>
    <subfield code="d">2014-01-13</subfield>
    <subfield code="e">DONATION</subfield>
    <subfield code="l">0</subfield>
    <subfield code="o">RT 48 .N866 2008</subfield>
    <subfield code="p">C11134</subfield>
    <subfield code="r">2018-05-15 00:00:00</subfield>
    <subfield code="t">2</subfield>
    <subfield code="w">2014-01-13</subfield>
    <subfield code="y">BK</subfield>
  </datafield>
  <datafield tag="952" ind1=" " ind2=" ">
    <subfield code="0">0</subfield>
    <subfield code="1">0</subfield>
    <subfield code="2">lcc</subfield>
    <subfield code="4">0</subfield>
    <subfield code="a">CL</subfield>
    <subfield code="b">CL</subfield>
    <subfield code="c">GC</subfield>
    <subfield code="d">2014-01-13</subfield>
    <subfield code="e">DONATION</subfield>
    <subfield code="l">0</subfield>
    <subfield code="o">RT 48 .N866 2008</subfield>
    <subfield code="p">C9787</subfield>
    <subfield code="r">2018-05-15 00:00:00</subfield>
    <subfield code="t">3</subfield>
    <subfield code="w">2014-01-13</subfield>
    <subfield code="y">BK</subfield>
  </datafield>
</record>
